| 000 | 00363nam a2200157Ia 4500 | ||
|---|---|---|---|
| 008 | 230524s9999 xx 000 0 und d | ||
| 082 |
_a330.33 _bCHA |
||
| 100 | _aP.N.Choppra | ||
| 245 | 0 | _aMicro Economics | |
| 250 | _a4TH | ||
| 260 |
_aNEW DELHI _bKalyani _c2002 |
||
| 300 | _aVIII;555 | ||
| 500 | _aQuantity Number: 2 | ||
| 650 | _aEconomics | ||
| 942 | _cBK | ||
| 999 |
_c16055 _d16055 |
||